Wards of Kensington and Chelsea, London - Statistics

General Stats
  • This quiz has been taken 11 times
  • The average score is 7 of 18
Answer Stats
Answer % Correct
Earl's Court
75%
Queen's Gate
75%
St Charles
75%
Brompton
50%
Golbourne
50%
Hans Town
50%
Norland
50%
Notting Barns
50%
Pembridge
50%
Royal Hospital
50%
Colville
25%
Holland
25%
Redcliffe
25%
Stanley
25%
Abingdon
0%
Campden
0%
Courtfield
0%
Cremorne
0%
No matching quizzes found
Score Distribution
Percent of People with Each Score
Percentile by Number Answered
Your Score History
You have not taken this quiz